Prehľad peňažných tokov banky

K moderným metódam finančnej analýzy patrí sledovanie peňažných tokov podnikateľského subjektu. Podnikateľské subjekty, ktorých povinnosťou je zverejniť údaje účtovnej závierky, majú povinnosť vypracovať prehľad peňažných tokov. Banky a pobočky zahraničných bánk podľa opatrenia Ministerstva financií...

Full description

Saved in:
Bibliographic Details
Main Author: Pleška, Jozef
Format: Book Chapter
Language:Slovak
Subjects:
Tags: Add Tag
No Tags, Be the first to tag this record!

MARC

LEADER 00000naa$a2200000$$$4500
001 0024259
005 20221128112807.5
041 0 |a slo 
044 |a SK 
245 1 0 |a Prehľad peňažných tokov banky  |c Jozef Pleška 
520 |a K moderným metódam finančnej analýzy patrí sledovanie peňažných tokov podnikateľského subjektu. Podnikateľské subjekty, ktorých povinnosťou je zverejniť údaje účtovnej závierky, majú povinnosť vypracovať prehľad peňažných tokov. Banky a pobočky zahraničných bánk podľa opatrenia Ministerstva financií SR nie sú povinné zostavovať prehľad peňažných tokov, niektoré banky ho napriek tomu robia. V prehľade zobrazujú zmeny svojho majetku a zdrojov jeho financovania za určité časové obdobie. 
610 2 0 |a banky 
610 2 0 |a cash flow 
610 2 0 |a analýza finančná 
610 2 0 |a závierka účtovná 
100 1 |a Pleška, Jozef